8 mots dans mots : plu (mort subite) - Statistiques

Statistiques générales
  • Ce quiz a été pris 57 fois
  • Le résultat moyen est 6 sur 8
Answers on the Grid
Answers color-coded by a green-red scale on the quiz's grid according to % correct below.
Super- ---me
Inemp---able
Essuie- ---mes
Em---mer
Plo---ères
Dé---mer
Surplo---ment
Surex---itation
E---che - légumes
Re---loiement
Nec ---s ultra
Inex---itable
Sur---s
Diplom---quement
Exp---atrice
Porte- para---ies
 
Statistiques - réponses
Réponse % Correct
Super- ---me
84%
Dé---mer
82%
Em---mer
80%
Porte- para---ies
80%
E---che - légumes
78%
Sur---s
76%
Essuie- ---mes
73%
Nec ---s ultra
69%
Aucun quiz correspondant
Distribution des résultats
% des personnes avec chaque résultat
Percentile par nombre de réponses
Votre historique - résultats
Vous n’avez pas pris ce quiz